| 000 | 00343nam a2200157Ia 4500 | ||
|---|---|---|---|
| 008 | 160316s1998 xxu||||| |||| 00| 0 eng d | ||
| 082 |
_a348.100000 _bDEC |
||
| 100 | _a | ||
| 245 | _aNow here's what the birds do | ||
| 250 | _a | ||
| 260 |
_a _bDeccan Herald _c1998 |
||
| 300 |
_a1 _b _c |
||
| 365 | _b | ||
| 650 | _a1. Birds | ||
| 700 |
_a _a |
||
| 999 |
_c41163 _d41163 |
||